[Event "Club Championship A-Grade"]
[Site "North Shore NZL"]
[Date "2020.07.15"]
[Round "1"]
[White "Krstev, Antonio"]
[Black "Hart, Ralph"]
[Result "0-1"]
[WhiteElo "2112"]
[BlackElo "2277"]
[PlyCount "80"]
[EventDate "2020.07.15"]

1. d4 Nc6 2. d5 Ne5 3. Bf4 Ng6 4. Bg3 e5 5. dxe6 fxe6 6. c4 Nf6 7. Nc3 Bb4 8.
f3 O-O 9. Qb3 Qe7 10. O-O-O d5 11. h4 dxc4 12. Qxc4 Nd5 13. Nxd5 exd5 14. Qxd5+
Be6 15. Qg5 Qe8 16. Qe3 Qc6+ 17. Kb1 Bxa2+ 18. Kxa2 Qa4+ 19. Kb1 Qxd1+ 20. Qc1
Rad8 21. Nh3 Qxc1+ 22. Kxc1 Bd2+ 23. Kc2 Be3 24. Bf2 Rfe8 25. h5 Nf8 26. Bxe3
Rxe3 27. Nf2 Ne6 28. Nd3 c5 29. Kd2 Re5 30. Kc3 Red5 31. e4 Rd4 32. g3 b5 33.
Ne5 Rd1 34. Bg2 b4+ 35. Kc4 Rxh1 36. Bxh1 Rd2 37. f4 Rxb2 38. Nd3 Rc2+ 39. Kd5
b3 40. Kxe6 c4 0-1

[Event "Club Championship A-Grade"]
[Site "North Shore NZL"]
[Date "2020.07.15"]
[Round "1"]
[White "Garbett, Paul A"]
[Black "Johns, Daniel P"]
[Result "1-0"]
[WhiteElo "2349"]
[BlackElo "1874"]
[PlyCount "57"]
[EventDate "2020.07.15"]

1. Nf3 d5 2. b3 c5 3. Bb2 Nf6 4. e3 Nc6 5. Bb5 Bd7 6. O-O g6 7. d4 cxd4 8. exd4
Bg7 9. Re1 O-O 10. Nbd2 Re8 11. a3 Rc8 12. Nf1 Ne4 13. Ne3 Nd6 14. Bd3 e6 15.
Ng4 Ne7 16. Qe2 a6 17. c4 dxc4 18. bxc4 Bc6 19. d5 exd5 20. Bxg7 Nef5 21. Qb2
Rxe1+ 22. Rxe1 Nxg7 23. cxd5 Bb5 24. Bxb5 Nxb5 25. Nh6+ Kf8 26. Ng5 Ne6 27.
Nxe6+ fxe6 28. Qh8+ Ke7 29. Rxe6+ 1-0

[Event "Club Championship A-Grade"]
[Site "North Shore NZL"]
[Date "2020.07.15"]
[Round "1"]
[White "Xie, Felix"]
[Black "Gunn, Neil J"]
[Result "1/2-1/2"]
[WhiteElo "2057"]
[BlackElo "1998"]
[PlyCount "58"]
[EventDate "2020.07.15"]

1. e4 c5 2. Nf3 d6 3. Bb5+ Bd7 4. Bxd7+ Qxd7 5. c4 Nc6 6. Nc3 g6 7. d4 cxd4 8.
Nxd4 Bg7 9. Be3 Nf6 10. f3 O-O 11. O-O Rac8 12. b3 a6 13. Qd2 Nxd4 14. Bxd4 e6
15. Rfd1 Qc6 16. Rac1 Rfd8 17. a4 Ne8 18. Bxg7 Nxg7 19. Ne2 Qb6+ 20. Kh1 Nh5
21. b4 Qf2 22. Ng3 Nxg3+ 23. hxg3 Qxg3 24. Kg1 Qh4 25. Qd4 Qe7 26. Rc3 h5 27.
g3 Qg5 28. Kg2 e5 29. Qd2 Qxd2+ 1/2-1/2

[Event "Club Championship A-Grade"]
[Site "North Shore NZL"]
[Date "2020.07.15"]
[Round "1"]
[White "Metge, J Nigel"]
[Black "Isaac, Ceferino"]
[Result "1-0"]
[WhiteElo "2071"]
[BlackElo "1959"]
[PlyCount "137"]
[EventDate "2020.07.15"]

1. d4 Nf6 2. c4 e5 3. dxe5 Ng4 4. Bf4 Nc6 5. Nf3 Bb4+ 6. Nc3 Qe7 7. Qd5 d6 8.
exd6 cxd6 9. e3 Be6 10. Qd2 Rd8 11. a3 Bxc3 12. Qxc3 O-O 13. Be2 Nf6 14. Bg5 d5
15. Bxf6 Qxf6 16. Qxf6 gxf6 17. c5 d4 18. Rd1 Bb3 19. Rd2 dxe3 20. fxe3 Ne5 21.
Nd4 Bd5 22. O-O Bc4 23. Rxf6 Rfe8 24. Rd6 Rxd6 25. cxd6 Rd8 26. Nf5 Be6 27. e4
f6 28. Kf2 a6 29. Ke3 b5 30. h4 Kf7 31. g4 Bc4 32. Bd1 Be6 33. b3 Rc8 34. Kd4
Nc6+ 35. Kc5 Ne5+ 36. Kb6 Rc6+ 37. Ka5 Nd7 38. Rc2 Nc5 39. Nd4 Nb7+ 40. Kb4
Rxd6 41. Rc7+ Bd7 42. Kc3 Nd8 43. b4 Ne6 44. Bb3 Ke8 45. Nxe6 Bxe6 46. Bxe6
Rxe6 47. Kd4 Rd6+ 48. Kc5 Rd3 49. Rxh7 Rg3 50. h5 Rxg4 51. Kd5 Kf8 52. h6 Rh4
53. Ke6 Rxe4+ 54. Kxf6 Rf4+ 55. Kg5 Rf3 56. Ra7 Kg8 57. Rxa6 Rg3+ 58. Kf6 Kh7
59. Ke5 Rc3 60. Kd4 Rc4+ 61. Kd5 Rc3 62. Rc6 Rxa3 63. Kc5 Rh3 64. Kxb5 Rh1 65.
Kb6 Rb1 66. b5 Rb2 67. Ka7 Ra2+ 68. Kb7 Ra1 69. b6 1-0

[Event "Club Championship A-Grade"]
[Site "North Shore NZL"]
[Date "2020.07.15"]
[Round "1"]
[White "Li, Andrew"]
[Black "Meng, Richard"]
[Result "0-1"]
[WhiteElo "1665"]
[BlackElo "2113"]
[PlyCount "78"]
[EventDate "2020.07.15"]

1. d4 Nf6 2. c4 e6 3. Nc3 Bb4 4. a3 Bxc3+ 5. bxc3 d5 6. a4 O-O 7. Nf3 Nbd7 8.
e3 Re8 9. Qc2 c5 10. cxd5 exd5 11. c4 cxd4 12. Nxd4 Ne5 13. f3 b6 14. cxd5 Nxd5
15. Bb5 Bd7 16. O-O a6 17. Bxd7 Qxd7 18. Qf5 Qxf5 19. Nxf5 Nc4 20. e4 Nc3 21.
Rf2 b5 22. Rc2 b4 23. Bb2 Nxb2 24. Rxb2 a5 25. Kf2 Red8 26. Ne3 Rd3 27. Rc2 b3
28. Rb2 Rad8 29. Rxb3 Nxe4+ 30. fxe4 Rxb3 31. Nc4 Rc8 32. Rd1 g6 33. Ne3 Rcc3
34. Re1 Ra3 35. Kf3 Rxa4 36. Kf4 Rc5 37. h4 f5 38. Kg5 Kg7 39. exf5 h6# 0-1